Les 20 villes les plus ensoleillées de France - Statistiques

Statistiques générales
  • Ce quiz a été pris 290 fois
  • Le résultat moyen est 11 sur 20
Statistiques - réponses
Position Département h de soleil/an Ville % Correct
1 Bouches du Rhône (13) 2857.8 Marignane
98%
5 Alpes Maritimes (06) 2724.2 Nice
97%
6 Hérault (34) 2668.2 Montpellier
88%
19 Haute-Garonne (31) 2031.3 Toulouse
83%
18 Gironde (33) 2035.4 Bordeaux
82%
9 Pyrénées Orientales (66) 2464.9 Perpignan
81%
7 Gard (30) 2662.9 Nîmes
71%
4 Var (83) 2744.2 Le Luc
69%
17 Isère (38) 2065.9 Grenoble
62%
2 Vaucluse (84) 2811.8 Carpentras
61%
12 Aude (11) 2119.3 Carcassonne
48%
8 Hautes Alpes (05) 2510.9 Embrun
45%
14 Tarn (81) 2113.2 Albi
43%
13 Cantal (15) 2117.5 Aurillac
38%
16 Tarn-et-Garonne (82) 2066.1 Montauban
36%
20 Corrèze (19) 2007.6 Brive-la-Gaillarde
35%
15 Lot (46) 2078.9 Gourdon
30%
10 Drôme (26) 2404.8 Montélimar
29%
11 Aveyron (12) 2157.6 Millau
25%
3 Alpes Maritimes (06) 2775.4 Saint-Auban
11%
Aucun quiz correspondant
Distribution des résultats
% des personnes avec chaque résultat
Percentile par nombre de réponses
Votre historique - résultats
Vous n’avez pas pris ce quiz